The Role of International Corporations in the Transfer of Technology to Deverloping Countries

保存先:
書誌詳細
団体著者: University Microfilm International
フォーマット: 図書
言語:Undetermined
出版事項: U.S.A Moonsong 1970
主題:
タグ: タグ追加
タグなし, このレコードへの初めてのタグを付けませんか!
Thư viện lưu trữ: Trung tâm Học liệu Trường Đại học Cần Thơ
LEADER 00566nam a2200181Ia 4500
001 CTU_85944
008 210402s9999 xx 000 0 und d
082 |a 620 
082 |b U58 
110 |a University Microfilm International 
245 4 |a The Role of International Corporations in the Transfer of Technology to Deverloping Countries 
245 0 |c University Microfilm International 
260 |a U.S.A 
260 |b Moonsong 
260 |c 1970 
650 |a Corpotations,Technology 
904 |i Năm 
980 |a Trung tâm Học liệu Trường Đại học Cần Thơ